Odd One Out: Deities Quiz Stats

 Plays Quiz Updated Sep 6, 2014

Support Sporcle.
Go Orange.
Score 0/12 Timer 04:00
5 Plays Today
Topic Answer % Correct
Brothers???
89.4%
Hindu Gods and Goddesses???
88.3%
Roman Gods and Goddesses???
78.9%
Roman Olympian Gods and Goddesses???
73.2%
Symbols of Athena???
71.8%
Sons of Zeus???
69.3%
Animal Headed Gods???
68.2%
Egyptian Gods???
66.1%
Gods of War???
44.8%
Norse Goddesses ???
44.7%
Bore Children with Zeus???
37.1%
Siblings???
22.4%

You're not logged in!

Compare scores with friends on all Sporcle quizzes.
OR
Log In
Forgot?

From the Vault

Find the NFL Hall of Fame Inductees (RBs)

by Noldeh

These guys make up the 16 heads of Mount RUSHmore.
Remove Ads.
Support Sporcle.
Get the best of Sporcle when you Go Orange. This ad-free experience offers more features, more stats, and more fun while also helping to support Sporcle. Thank you for becoming a member.

Show Comments

Extras

Top Quizzes Today


Score Distribution

Your Account Isn't Verified!

In order to create a playlist on Sporcle, you need to verify the email address you used during registration. Go to your Sporcle Settings to finish the process.

Report this User

Report this user for behavior that violates our Community Guidelines.

Details: